| 000 | 00573nam a22001937a 4500 | ||
|---|---|---|---|
| 942 | _cBK | ||
| 999 |
_c667 _d667 |
||
| 005 | 20250420134821.0 | ||
| 008 | 210930b ||||| |||| 00| 0 eng d | ||
| 020 | _a9780367455620 | ||
| 040 |
_aKCST _cKCST |
||
| 082 |
_a658.4038 _bLi Bu |
||
| 100 |
_aLiebowitz, Jay _95255 |
||
| 245 |
_a Building organizational intelligence _ba knowledge management primer / _cJay Liebowitz |
||
| 260 |
_aBoca Raton: _bCRC Press _c@2000 |
||
| 300 |
_a1 volume ; _c24 cm |
||
| 650 |
_aOrganizational learning. _95256 |
||
| 650 |
_aKnowledge management. _95257 |
||
| 942 | _2ddc | ||